Vzaimnaja diffuzia i gomogenizacija v poroškovych materialach /

Gespeichert in:
Bibliographische Detailangaben
Hauptverfasser: Anciferov, Vladimir Nikitovič (Verfasst von), Peščerenko, Sergej Nikolajevič (Verfasst von), Kurilov, Petr Grigorjevič (Verfasst von)
Format: Buch
Sprache:Russisch
Veröffentlicht: Moskva : Metallurgija, 1988
Schlagworte:
Tags: Tag hinzufügen
Keine Tags, Fügen Sie das erste Tag hinzu!

MARC

LEADER 00000nam a22000003a 4500
001 stu34302
005 20150617225729.4
008 920316s1988----xxr-----------------rus-d
040 |a STU  |b slo 
041 0 |a rus 
044 |a xxr 
080 |a 621.762 
100 1 |a Anciferov, Vladimir Nikitovič  |4 aut 
245 1 |a Vzaimnaja diffuzia i gomogenizacija v poroškovych materialach /  |c [aut.]Vladimir N. Anciferov, Sergej N. Peščerenko, Petr G. Kurilov 
260 |a Moskva :  |b Metallurgija,  |c 1988 
300 |a 151 s 
650 7 |a metalurgia prášková  |2 stusub 
650 7 |a difúzia a homogenizácia  |2 stusub 
700 1 |a Peščerenko, Sergej Nikolajevič  |4 aut 
700 1 |a Kurilov, Petr Grigorjevič  |4 aut 
996 |b 284M012846  |c M*5310-1  |l MMKN  |s A  |a 24  |w stu34302_0001